00363pab a2200121 454500008004000000100003300040245009300073260000900166300001200175362001200187650002100199773002100220180718b2011 xxu||||| |||| 00| 0 eng d aMahaprashasta, Ajoy Ashirwad aSahmat seminar on the legacy and relevance of the progressive cultural movement (Report) c2011 ap73-81. aNov-Dec aCultural history aSocial Scientist